World Capitals about 5,000 km away along Parallel from Greenwich Meridian, with Map - Statistics

General Stats
  • This quiz has been taken 36 times
  • The average score is 14 of 20
Answers on the Map
Answers color-coded by a green-red scale on the quiz's map according to % correct below.
 
Answer Stats
D (km) Capital % Correct
4,738 Sana'a
87%
5,474 Abu Dhabi
83%
4,624 Kuwait City
83%
4,711 Riyadh
83%
4,701 Djibouti
77%
5,156 Doha
77%
5,047 Mogadishu
77%
4,600 Tehran
77%
5,020 Manama
73%
5,122 Brasília
70%
5,065 Montevideo
70%
5,042 Ashgabat
67%
5,277 Buenos Aires
67%
4,253 Addis Ababa
63%
4,990 Antananarivo
63%
5,756 Asunción
63%
5,690 Ottawa
57%
4,790 Astana
50%
4,711 Moroni
47%
5,636 Tashkent
47%
No matching quizzes found
Score Distribution
Percent of People with Each Score
Percentile by Number Answered
Your Score History
You have not taken this quiz